Метаданные о радиоактивном загрязнении объектов окружающей среды на территории Росссии и СССР; Атомная энергия; Т. 101, вып. 2

Bibliografiske detaljer
Parent link:Атомная энергия: теоретический и научно-технический журнал/ Российская академия наук ; Министерство РФ по атомной энергии, ядерного общества.— , 1956-.— 0004-7163
Т. 101, вып. 2.— 2006.— с. 149-152
Andre forfattere: Вакуловский С. М., Козлова Е. Г., Ким В. М., Яхрюшин В. Н.
Sprog:russisk
Udgivet: 2006
Serier:Статьи
Fag:
Format: Book Chapter
KOHA link:https://koha.lib.tpu.ru/cgi-bin/koha/opac-detail.pl?biblionumber=426448

MARC

LEADER 00000naa2a2200000 4500
001 426448
005 20231101074524.0
035 |a (RuTPU)RU\TPU\prd\85193 
035 |a RU\TPU\prd\48014 
090 |a 426448 
100 |a 20100705a2006 k y0rusy50 ca 
101 0 |a rus 
102 |a RU 
200 1 |a Метаданные о радиоактивном загрязнении объектов окружающей среды на территории Росссии и СССР  |f С. М. Вакуловский [и др.] 
225 1 |a Статьи 
320 |a Библиогр.: 5 назв. 
461 0 |0 (RuTPU)RU\TPU\prd\33  |x 0004-7163  |t Атомная энергия  |o теоретический и научно-технический журнал  |f Российская академия наук ; Министерство РФ по атомной энергии, ядерного общества  |d 1956- 
463 0 |0 (RuTPU)RU\TPU\prd\85182  |t Т. 101, вып. 2  |v с. 149-152  |d 2006 
610 1 |a окружающая среда 
610 1 |a архивы 
610 1 |a описание 
610 1 |a радиоактивное загрязнение 
610 1 |a Россия 
610 1 |a объекты 
610 1 |a метаданные 
610 1 |a атмосферные аэрозоли 
610 1 |a Чернобыльская АЭС 
610 1 |a аварии 
610 1 |a радионуклиды 
675 |a 504.054  |v 3 
675 |a 551.510.72  |v 3 
675 |a 550.378  |v 3 
675 |a 556.531  |v 3 
675 |a 551.464  |v 3 
701 1 |a Вакуловский  |b С. М. 
701 1 |a Козлова  |b Е. Г. 
701 1 |a Ким  |b В. М. 
701 1 |a Яхрюшин  |b В. Н. 
801 1 |a RU  |b 63413507  |c 20061201  |g PSBO 
801 2 |a RU  |b 63413507  |c 20100705  |g RCR 
942 |c BK